| 000 | 00374cam a22001097a 4500 | ||
|---|---|---|---|
| 008 | 180718b1953 xxu||||| |||| 00| 0 eng d | ||
| 082 | _aT114x54 In2 | ||
| 245 |
_aCost of living numbers in India: a monograph _cby Labour Bureau, Ministry of Labour |
||
| 260 |
_aSimla _bGovernment of India _c1953 |
||
| 300 | _a194p | ||
| 700 | _aHimachal Pradesh. Labour Bureau, Ministry of Labour | ||
| 999 |
_c421194 _d421194 |
||